<?xml version="1.0" encoding="UTF-8"?>
<collection xmlns="http://www.loc.gov/MARC21/slim">
  <record>
    <leader>00000nam  2200000   4500</leader>
    <controlfield tag="001">INLIS000000000003289</controlfield>
    <controlfield tag="005">20190722120025</controlfield>
    <datafield tag="035" ind1="#" ind2="#">
      <subfield code="a">0010-0718003289</subfield>
    </datafield>
    <controlfield tag="008">190722################g##########0#ind##</controlfield>
    <datafield tag="020" ind1="#" ind2="#">
      <subfield code="a">979442134</subfield>
    </datafield>
    <datafield tag="041" ind1=" " ind2=" ">
      <subfield code="a">id</subfield>
    </datafield>
    <datafield tag="082" ind1="#" ind2="#">
      <subfield code="a">181</subfield>
    </datafield>
    <datafield tag="090" ind1=" " ind2=" ">
      <subfield code="a">181.VIS</subfield>
    </datafield>
    <datafield tag="100" ind1=" " ind2="#">
      <subfield code="a">Wijayanto, Eko</subfield>
    </datafield>
    <datafield tag="245" ind1="1" ind2="#">
      <subfield code="a">Visi Baru Kehidupan. Kontribusi Fritjof Capra Dalam Revolusi Pengetahuan dan Implikasinya pada Kepemipinan /</subfield>
      <subfield code="c">Eko Wijayanto</subfield>
    </datafield>
    <datafield tag="260" ind1="#" ind2="#">
      <subfield code="a">Jakarta :</subfield>
      <subfield code="b">LPPM,</subfield>
      <subfield code="c">2002</subfield>
    </datafield>
    <datafield tag="300" ind1="#" ind2="#">
      <subfield code="a">xxxviii., 445 hlm. :</subfield>
      <subfield code="b">ilus ;</subfield>
      <subfield code="c">25 cm</subfield>
    </datafield>
    <datafield tag="650" ind1=" " ind2="#">
      <subfield code="a">visi</subfield>
    </datafield>
    <datafield tag="084" ind1="#" ind2="#">
      <subfield code="a">181 Vis</subfield>
    </datafield>
    <datafield tag="250" ind1="#" ind2="#">
      <subfield code="a">Ed.1</subfield>
    </datafield>
    <datafield tag="520" ind1="#" ind2="#">
      <subfield code="a">sekarang kita sedang berada di tengah krisis global serius, yang menyentuh semua aspek kehidupan. Kita dibelit krisis kesehatan, ekologi, hubungan sosial, ekonomi, politik yang intensitas maupun luas cakupannya belum pernah ditemukan sebelumnya dalam catatan sejarah manusia. Semakin dalam kita pelajari, semakin kita sadari bahwa masalah-masalah utama zaman kita tidak bisa dimengerti secara terpisah-pisah. Masalah-masalah utama zaman kita tidak bisa dimengerti secara terpisah-pisah. masalah-masalah utama zaman kita tidak bisa dimengerti secara terpisah-pisah. Masalah-msalah tersebut bersifat sistematis, artinya semua saling terkait satu sama lain. Dengan demikian, harus dilihat sebagai aspek-aspek yang berbeda dari sebuah krisis tunggal, yakni krisis persepsi.Satu-satunya cara untuk keluar dari kemelut ini adalah melakukan perubahan radikal dalam persepsi, pemikiran, dan nilai-nilai yang kita anut. Kita harus berani mengoreksi dan mengganti cara pandang yang usang dan mencari cara pandang yang lebih tepat. Fritjof Capra dalam empat karya utamanya: The Tao of Physic, The Turning Point, The Uncomman Wisdom dan The Web of Life, memang menawarkan suatu visi kehidupan baru. Buku kumpulan makalah dan diskusi ini, berusaha menelaah relevansi pemikiran Fritjof Capra dengan kehidupan kita saat ini, ditiulis oleh para ahli lintas ilmu, agama, faham kepercayaan dan budaya mulai dari Fisika, Agama, Filsafat, Kosmologi, Biologi, Kebudayaan, Antropologi, Ekonomi, sampai ke Manajemen dan Kepemimpinan serta dilengkapi refleksi para praktisi bisnis, akan membawa kita pada kesadaran baru bahwa cara pandang cara pikir,  dan perilaku kita harus diubah untuk menemukan jalan keluar alternatif dari kemelut krisis.</subfield>
    </datafield>
    <datafield tag="856" ind1="#" ind2="#">
      <subfield code="a">Perpustakaan Lembaga Administrasi Negara</subfield>
    </datafield>
    <datafield tag="990" ind1="#" ind2="#">
      <subfield code="a">150117329</subfield>
    </datafield>
    <datafield tag="990" ind1="#" ind2="#">
      <subfield code="a">150117329</subfield>
    </datafield>
  </record>
</collection>
